1970 1210 1162 1470 1419 1493 1873 1469 1264 1950 1352 1524 1522 1311 1783 1123 1539 1518 1390 1393 1617 1798 1803 1209 1601 1512 1653 1012 1594 1668 1881 1128 1124 1121 1635 1323 1400 1740 1386 1271 1108 1940 1820 1937 1276 1789 1395 1577 1564 1033 1213 1449 1477 1817 1139 1851 1871 1009 1743 1103 1550 1175 1810 1465 1451 1571 1855 1277 1209 1195 1181 1596 1836 1743 1550 1597 1738 1045 1526 1921 1008 1642 1511 1194 1012 1068 1435 1247 1269 1850 1836 1921 1220 1121 1475 1723 1533 1346 1283 BCNSPRNW ULIB Ver.6.0+V

เปลี่ยนเป็นภาษาไทย

Change to English
 แสดงรายละเอียดบรรณานุกรม
  กลับหน้าหลัก

Brief Record : Get Marc (ISO 2709) : E-mail record : QR code < ปิดหน้าต่าง
LEADER : 00000nam 2200000uu 4500
001    13399127711
003     ULIB
008    210421s2561||||th 000 0 tha d
020    ^a9786164370227^c250
050    ^aนว^bป17น
100 0  ^aประชาคม ลุนาลัย
245 10 ^aในกับดักและกลางวงล้อม /^cประชาคม ลุนาชัย
260    ^aนนทบุรี :^bศรีปัญญา,^c2561
300    ^a296 หน้า
945    ^p250^l0^i008036
999    ^aประนอม เกษจรัล
รายการนี้ยังไม่มีแท็ก
คุณยังไม่ได้ล็อกอิน คุณสามารถมีกิจกรรมร่วมกับเว็บไซต์ได้ แต่ต้องล็อกอินก่อน ::
  ล็อกอิน

รายการสื่อสารสนเทศ

ลำดับที่ ประเภท เลขเรียก/บาร์โค้ด สถานที่ สถานะ
1. นวนิยาย
นวนิยาย
นว ป17น ฉ.1 
  Barcode: 008036
ห้องสมุดวิทยาเขตสวรรค์ประชารักษ์
►หนังสือทั่วไป
บนชั้น

BibComment


ยังไม่เคยถูกคอมเมนท์

คอมเมนท์ทรัพยากรรายการนี้
  คอมเมนท์: ในกับดักและกลางว..


 Copyright 2026. Bcnsprnw @Library